Estatísticas para Quiz do Mapa de Portugal

Clique aqui para jogar o quiz

Estatísticas Gerais

  • Esse quiz foi jogado 7 958 vezes
  • A pontuação média é 11 de 20

Respostas no mapa

Respostas codificadas por cores de uma escala verde-vermelha no mapa do quiz de acordo com a % correta abaixo.
 

Estatísticas das Respostas

Resposta% Correto
Açores
81%
Madeira
80%
Lisboa
75%
Faro
69%
Porto
66%
Setubal
56%
Leiria
54%
Beja
52%
Coimbra
52%
Santarém
50%
Braga
49%
Aveiro
47%
Évora
47%
Bragança
46%
Viana do Castelo
45%
Portalegre
43%
Guarda
42%
Viseu
41%
Castelo Branco
40%
Vila Real
38%

Distribuição das Pontuações

Percentil de Números Respondidos

Porcentagem de Pessoas com Cada Pontuação

Sua Pontuação Histórica

Você não jogou esse quiz